[Event "46th Bosna it"]
[Site "Sarajevo BIH"]
[Date "2016.05.29"]
[Round "3.57"]
[White "Agic, Ahmed"]
[Black "Grgic, Anto"]
[Result "1-0"]
[WhiteElo "1856"]
[BlackElo "1404"]
[EventDate "2016.05.28"]
[PlyCount "86"]

1.d4 g6 2.c4 d6 3.Nc3 Bg7 4.e4 Nf6 5.h3 c6 6.Nf3 Nbd7 7.Bf4 a6 8.a4 Nh5 9.
Be3 e6 10.Be2 b6 11.Qd2 Bb7 12.O-O Qc7 13.Rac1 Rd8 14.Nh2 c5 15.Bxh5 gxh5 
16.d5 Ne5 17.Qe2 h4 18.Bg5 Rd7 19.Bxh4 h5 20.f4 Ng6 21.Be1 Bd4+ 22.Kh1 e5 
23.fxe5 Bxe5 24.Nf3 Bf4 25.Ra1 h4 26.a5 Re7 27.Qc2 Bc8 28.Nxh4 Be5 29.Nf5 
f6 30.axb6 Qd8 31.Ne2 Reh7 32.Qb3 Bb7 33.Rf3 Ne7 34.Neg3 Kf7 35.Nxe7 Qxe7 
36.Nf5 Qf8 37.Bg3 Rg8 38.Bxe5 dxe5 39.Qe3 Rh5 40.Raf1 Bc8 41.Ng3 Rh6 42.
Nf5 Rhg6 43.R1f2 Rh8 1-0

[Event "46th Bosna it"]
[Site "Sarajevo BIH"]
[Date "2016.05.29"]
[Round "3.59"]
[White "Sinik, Yagmur"]
[Black "Lapo, Safet"]
[Result "0-1"]
[WhiteElo "1394"]
[BlackElo "1781"]
[EventDate "2016.05.28"]
[PlyCount "50"]

1.e4 d5 2.exd5 Qxd5 3.Nc3 Qa5 4.d4 c6 5.Nf3 Bg4 6.Be2 Nf6 7.Bd2 Qc7 8.h3 
Bh5 9.Be3 Nbd7 10.Qd2 e6 11.Rg1 h6 12.g4 Bg6 13.Nh4 Bh7 14.f4 Ne4 15.Nxe4 
Bxe4 16.O-O-O Be7 17.Nf3 O-O-O 18.Rgf1 f5 19.d5 Nb6 20.Qe1 Rxd5 21.Nd4 Rd6
22.Bf3 Bxf3 23.Rxf3 g6 24.Rd3 Rhd8 25.Rc3 Qd7 0-1

[Event "46th Bosna it"]
[Site "Sarajevo BIH"]
[Date "2016.05.29"]
[Round "3.60"]
[White "Comor, Harun"]
[Black "Fejzic, Danis"]
[Result "1/2-1/2"]
[WhiteElo "1761"]
[BlackElo "1373"]
[EventDate "2016.05.28"]
[PlyCount "36"]

1.e4 c5 2.Nf3 d6 3.d4 cxd4 4.Nxd4 Nf6 5.Nc3 g6 6.f4 Nc6 7.Bd3 Bg7 8.h3 O-O
9.Nb3 Be6 10.g4 a5 11.f5 Bxb3 12.axb3 Qc7 13.Qd2 Ne5 14.Be2 Rab8 15.Rg1 
Qd7 16.h4 b5 17.h5 a4 18.hxg6 fxg6 1/2-1/2

[Event "46th Bosna it"]
[Site "Sarajevo BIH"]
[Date "2016.05.29"]
[Round "3.61"]
[White "Lipovcic, Marko"]
[Black "Peric, Pero"]
[Result "1-0"]
[WhiteElo "1281"]
[BlackElo "1746"]
[EventDate "2016.05.28"]
[PlyCount "115"]

1.e4 Nc6 2.Nf3 b6 3.d4 e6 4.c4 Bb7 5.Nc3 h6 6.Bf4 Nf6 7.a3 a5 8.Bd3 Be7 9.
O-O d6 10.d5 exd5 11.exd5 Nb8 12.Re1 O-O 13.Nd4 Nbd7 14.b4 axb4 15.axb4 
Rxa1 16.Qxa1 Nh5 17.Bd2 Bg5 18.Bxg5 Qxg5 19.Ncb5 Nf4 20.Be4 Ne5 21.g3 f5 
22.Bg2 Nxg2 23.Kxg2 f4 24.Ne6 f3+ 25.Kh1 Qg4 26.Rxe5 Qh3 27.Qg1 dxe5 28.
Nxf8 Kxf8 29.Nxc7 Ke7 30.Nb5 h5 31.Nc3 Ba6 32.b5 Bc8 33.Ne4 Bf5 34.Nd2 e4 
35.Qf1 Qg4 36.h3 Qg5 37.Qe1 Kd6 38.Nxe4+ Bxe4 39.Qxe4 Qc1+ 40.Kh2 Qd1 41.
g4 h4 42.Qe3 Qe2 43.Qxb6+ Ke5 44.d6 Qxc4 45.Qe3+ Kxd6 46.Qxf3 Qxb5 47.Qf4+
Ke6 48.Qe3+ Qe5+ 49.Kg2 g5 50.Kf3 Kf6 51.Qxe5+ Kxe5 52.Ke3 Kd5 53.f4 Ke6 
54.Ke4 Kf6 55.f5 Kg7 56.Ke5 Kf7 57.f6 Kg6 58.Ke6 1-0

[Event "46th Bosna it"]
[Site "Sarajevo BIH"]
[Date "2016.05.30"]
[Round "4.13"]
[White "Plenca, Jadranko"]
[Black "Aleksic, Neven"]
[Result "1-0"]
[WhiteElo "2390"]
[BlackElo "2146"]
[EventDate "2016.05.28"]
[PlyCount "39"]

1.e4 e5 2.Nf3 Nc6 3.d4 exd4 4.Bc4 Bc5 5.O-O d6 6.c3 Ne5 7.Nxe5 dxe5 8.Qb3 
Qe7 9.Bxf7+ Qxf7 10.Qb5+ Bd7 11.Qxc5 O-O-O 12.Qxa7 Bc6 13.cxd4 exd4 14.Bg5
Nf6 15.f3 h6 16.Bh4 g5 17.Bf2 b6 18.Nd2 Qe6 19.Rac1 Bb5 20.Qxc7# 1-0

[Event "46th Bosna it"]
[Site "Sarajevo BIH"]
[Date "2016.05.30"]
[Round "4.14"]
[White "Michalicka, Milan"]
[Black "Nestorovic, Dejan"]
[Result "1/2-1/2"]
[WhiteElo "2164"]
[BlackElo "2387"]
[EventDate "2016.05.28"]
[PlyCount "74"]

1.d4 Nf6 2.c4 e6 3.g3 Bb4+ 4.Bd2 a5 5.Bg2 O-O 6.Nf3 b6 7.O-O Bb7 8.Be3 Na6
9.a3 Be7 10.Qc2 Be4 11.Qc1 c5 12.Nc3 cxd4 13.Bxd4 Bc6 14.Qd1 Qc7 15.Nb5 
Qb7 16.Be5 Ne8 17.Nd6 Nxd6 18.Bxd6 Bxd6 19.Qxd6 a4 20.Rfd1 Nc5 21.Rac1 f5 
22.Ne1 Bxg2 23.Nxg2 Rac8 24.Nf4 Qc6 25.Rc2 Rc7 26.Qxc6 Rxc6 27.Nd3 Rd6 28.
Rcc1 Nb7 29.Ne5 Rc8 30.Rxd6 Nxd6 31.Kf1 Rc7 32.Ke1 Kf8 33.c5 Ne4 34.c6 
dxc6 35.Rxc6 Rxc6 36.Nxc6 Ke8 37.f3 Nf6 1/2-1/2

[Event "46th Bosna it"]
[Site "Sarajevo BIH"]
[Date "2016.05.30"]
[Round "4.15"]
[White "Burovic, Ismet"]
[Black "Zildzic, Kenan"]
[Result "1-0"]
[WhiteElo "2377"]
[BlackElo "2135"]
[EventDate "2016.05.28"]
[PlyCount "160"]

1.e4 e5 2.Nf3 Nc6 3.Bc4 Nf6 4.d3 Bc5 5.O-O d6 6.a4 a6 7.c3 Be6 8.b4 Ba7 9.
Na3 h6 10.Qb3 Qd7 11.Bxe6 Qxe6 12.Qxe6+ fxe6 13.Nc2 O-O 14.Be3 Bxe3 15.
Nxe3 Ne7 16.Nd2 d5 17.exd5 exd5 18.Nb3 Nd7 19.d4 b6 20.Rad1 e4 21.a5 b5 
22.Rde1 Rf7 23.Nd2 Raf8 24.f3 exf3 25.Nxf3 Rf4 26.Nd2 Rxf1+ 27.Nexf1 Kf7 
28.Ne3 Re8 29.Kf2 Nf6 30.Nc2 Nf5 31.Rxe8 Kxe8 32.Ke2 Nd6 33.Ne3 c6 34.Nf3 
Kd7 35.Ne5+ Kc7 36.Nd1 Nc4 37.Nd3 Ne4 38.Nf4 Kd6 39.Nh5 g6 40.Nf4 g5 41.
Nd3 Ke6 42.Kf3 Ncd2+ 43.Ke2 Nc4 44.Ne1 Kf6 45.Nc2 h5 46.Ne1 Ke6 47.Nd3 Kf6
48.N3f2 Ncd6 49.g4 h4 50.Ke3 Nc4+ 51.Ke2 Ncd6 52.Kd3 Kg6 53.Kc2 Kf6 54.Nd3
Nc4 55.N3f2 Ncd6 56.Nh3 Nc4 57.Ng1 Ncd2 58.Kd3 Nc4 59.Nf3 Ke6 60.Ke2 Kf6 
61.Kf1 Kg6 62.Ke1 Kf6 63.Ke2 Ke6 64.Kf1 Kf6 65.Ke1 Kg6 66.h3 Kf6 67.Ke2 
Kg6 68.Kf1 Kf6 69.Ke1 Kg6 70.Nf2 Nxc3 71.Nd3 Na2 72.Nd2 Kf6 73.Nb3 Nc3 74.
Nbc5 Ne4 75.Nxa6 Ke6 76.Nac5+ Kd6 77.Nb3 Kc7 78.Ke2 Nc3+ 79.Kf3 Ne4 80.
Nbc5 Ncd6 1-0

[Event "46th Bosna it"]
[Site "Sarajevo BIH"]
[Date "2016.05.30"]
[Round "4.16"]
[White "Sinanovic, Ermin"]
[Black "Arapovic, Vitomir"]
[Result "0-1"]
[WhiteElo "2153"]
[BlackElo "2350"]
[EventDate "2016.05.28"]
[PlyCount "78"]

1.e4 e6 2.d4 d5 3.Nc3 Bb4 4.exd5 exd5 5.Bd3 Nc6 6.Ne2 Nge7 7.O-O Bf5 8.a3 
Bxc3 9.bxc3 O-O 10.Ng3 Bxd3 11.cxd3 Qd7 12.Re1 Rfe8 13.Rb1 b6 14.Bd2 Ng6 
15.Qf3 Re6 16.Rxe6 fxe6 17.Qg4 Qf7 18.f4 Nge7 19.Re1 Nf5 20.Nxf5 exf5 21.
Qe2 Rd8 22.Bc1 Rd7 23.Qe8+ Qxe8 24.Rxe8+ Kf7 25.Rh8 h6 26.a4 Rd8 27.Rxd8 
Nxd8 28.Kf2 Ne6 29.g3 c5 30.dxc5 Nxc5 31.Ke3 d4+ 32.cxd4 Nxa4 33.Kd2 Ke6 
34.Kc2 Kd5 35.Kb3 b5 36.Kb4 a6 37.Ka5 Nc3 38.Kxa6 b4 39.Ka5 b3 0-1

[Event "46th Bosna it"]
[Site "Sarajevo BIH"]
[Date "2016.05.30"]
[Round "4.17"]
[White "Burovic, Rijad"]
[Black "Slamar, Velimir"]
[Result "1-0"]
[WhiteElo "2347"]
[BlackElo "2115"]
[EventDate "2016.05.28"]
[PlyCount "89"]

1.e4 c6 2.Nc3 d5 3.Nf3 dxe4 4.Nxe4 Nf6 5.Nxf6+ gxf6 6.d4 Na6 7.g3 Bg4 8.
Bg2 Qd7 9.h3 Be6 10.Bf4 Nb4 11.a3 Nd5 12.Bd2 Nb6 13.b3 Bg7 14.c4 h5 15.Be3
Bh6 16.Qd2 Bxe3 17.Qxe3 O-O-O 18.a4 Na8 19.d5 cxd5 20.Qxa7 Nc7 21.Rc1 Qd6 
22.O-O Qa6 23.Qc5 dxc4 24.Qxe7 Kb8 25.Qxf6 cxb3 26.Ng5 Nd5 27.Qd4 Nc7 28.
Qc3 Rc8 29.Nxe6 Nxe6 30.Qxb3 Rxc1 31.Rxc1 Nd4 32.Qb2 Rd8 33.Rb1 Rd7 34.Qb4
h4 35.Qf8+ Ka7 36.Qc5+ Kb8 37.Qe5+ Kc8 38.Qe8+ Rd8 39.Qxf7 Nc6 40.Qf5+ Rd7
41.Bxc6 Qxc6 42.Rd1 Qxa4 43.Qxd7+ Qxd7 44.Rxd7 Kxd7 45.Kf1 1-0

[Event "46th Bosna it"]
[Site "Sarajevo BIH"]
[Date "2016.05.30"]
[Round "4.18"]
[White "Kolaric, Spela"]
[Black "Sutkovic, Damir"]
[Result "1/2-1/2"]
[WhiteElo "2116"]
[BlackElo "2316"]
[EventDate "2016.05.28"]
[PlyCount "120"]

1.d4 Nf6 2.c4 c5 3.d5 e6 4.Nc3 exd5 5.cxd5 d6 6.Nf3 g6 7.g3 Bg7 8.Bg2 O-O 
9.O-O Re8 10.Bf4 Ne4 11.Nxe4 Rxe4 12.Nd2 Rxf4 13.gxf4 Bxb2 14.Rb1 Bg7 15.
Nc4 b6 16.Qb3 Ba6 17.a4 Qf6 18.e3 Nd7 19.Rfe1 Re8 20.Na3 g5 21.fxg5 Qxg5 
22.Nb5 Re4 23.Qc2 Rh4 24.f4 Qh6 25.Qf5 Nf6 26.Qg5 Qxg5 27.fxg5 Nd7 28.Nxd6
Rxa4 29.Ne8 Bc3 30.Bh3 Ne5 31.Rf1 Bxf1 32.Rxf1 Kf8 33.Nf6 Ke7 34.Bf5 Ra1 
35.d6+ Kd8 36.Rxa1 Bxa1 37.Kf2 a5 38.Nxh7 a4 39.Nf6 a3 40.Bb1 c4 41.Ke2 
Ng6 42.Nd5 b5 43.Ba2 Ne5 44.h4 Nd3 45.Kd2 Bh8 46.h5 Kd7 47.Nb6+ Kxd6 48.
Bxc4 bxc4 49.Nxc4+ Kd5 50.Nxa3 Ne5 51.g6 f6 52.Ke2 Ke4 53.Nc4 Kf5 54.Nd6+ 
Kg5 55.Ne8 Kh6 56.e4 Nc6 57.Ke3 Bg7 58.Kf4 Ne7 59.Kg4 Bh8 60.Kf4 Nxg6+ 
1/2-1/2

[Event "46th Bosna it"]
[Site "Sarajevo BIH"]
[Date "2016.05.30"]
[Round "4.19"]
[White "Mrndjic, Armin"]
[Black "Batricevic, Sasa"]
[Result "1-0"]
[WhiteElo "2112"]
[BlackElo "2296"]
[EventDate "2016.05.28"]
[PlyCount "149"]

1.e4 c5 2.Nf3 Nc6 3.Bb5 e5 4.O-O Bd6 5.c3 Qf6 6.d4 a6 7.Bxc6 dxc6 8.dxe5 
Bxe5 9.Bg5 Qd6 10.Nxe5 Qxd1 11.Rxd1 f6 12.Bf4 fxe5 13.Bxe5 Kf7 14.Rd8 h5 
15.Nd2 b5 16.Nb3 Rh6 17.Nxc5 Ne7 18.f4 Ng6 19.Bd6 Rh8 20.Rxh8 Nxh8 21.f5 
Kg8 22.Rd1 g6 23.Bc7 gxf5 24.Rd8+ Kh7 25.exf5 Nf7 26.Rf8 Kg7 27.Ne6+ Bxe6 
28.Rxa8 Bxa2 29.Bd8 Bb1 30.f6+ Kg6 31.Be7 Be4 32.Rxa6 Ne5 33.Ra8 Bd5 34.
Ra7 Nd3 35.Rc7 Ne5 36.Bc5 Nf7 37.Bd4 Kf5 38.Re7 Kg6 39.Kf2 Kf5 40.Kg3 Kg5 
41.Rd7 Bc4 42.Kf2 Kf5 43.h3 Bb3 44.Ke3 Bc4 45.Kf3 c5 46.g4+ hxg4+ 47.hxg4+
Kg6 48.Rxf7 Kxf7 49.Bxc5 Kxf6 50.Kf4 Bd3 51.Bb6 Bc2 52.Bc7 Bb1 53.Bd8+ Ke6
54.Kg5 Kd7 55.Bb6 Ke6 56.Kh6 Kf7 57.g5 Bc2 58.Bc5 Bd3 59.Bb4 Bg6 60.b3 Bd3
61.Ba3 Kg8 62.g6 Be2 63.Be7 Bd3 64.Kg5 Be2 65.Kf6 Bd3 66.Bd6 Be2 67.g7 Bd3
68.Bf8 Be2 69.Ke5 Bd1 70.c4 b4 71.c5 Bxb3 72.c6 Ba4 73.c7 Bd7 74.Kf6 b3 
75.Ba3 1-0

[Event "46th Bosna it"]
[Site "Sarajevo BIH"]
[Date "2016.05.30"]
[Round "4.20"]
[White "Durakovic, Alman"]
[Black "Sadikovic, Jasmin"]
[Result "1-0"]
[WhiteElo "2292"]
[BlackElo "2106"]
[EventDate "2016.05.28"]
[PlyCount "119"]

1.e4 e5 2.Nf3 d6 3.d4 Bg4 4.dxe5 Bxf3 5.Qxf3 dxe5 6.Bc4 Nf6 7.Qb3 Qe7 8.
Qxb7 Qb4+ 9.Qxb4 Bxb4+ 10.Bd2 Bc5 11.Nc3 Nbd7 12.f3 O-O 13.Na4 Bd6 14.Be3 
Rfd8 15.Bb3 Bb4+ 16.c3 Bd6 17.O-O-O Nb6 18.Nc5 Rab8 19.Na6 Rbc8 20.c4 Be7 
21.Rxd8+ Bxd8 22.c5 Nbd7 23.c6 Nf8 24.Bc4 Ra8 25.Rd1 Ne8 26.Nc5 Be7 27.Ba6
Nd6 28.Rd3 f5 29.exf5 Nxf5 30.Bf2 Nd6 31.Ne4 Nc8 32.Bb7 Rb8 33.Bg3 Ng6 34.
Bxc8 Rxc8 35.Rb3 h5 36.Bf2 a5 37.Ba7 Rf8 38.Rb8 Bd8 39.Nc5 Ne7 40.Ne6 Nxc6
41.Nxf8 Nxb8 42.Ne6 Nc6 43.Nxd8 Nxa7 44.Kc2 h4 45.Kd3 h3 46.gxh3 Nb5 47.
Nc6 Kf7 48.Nxa5 Ke6 49.Nc4 Kd5 50.Ne3+ Ke6 51.a4 Nd4 52.f4 Nb3 53.f5+ Kd6 
54.Kc4 Nd4 55.b4 c6 56.h4 Nf3 57.h5 Nd2+ 58.Kd3 Nf3 59.a5 Ng5 60.Nc4+ 1-0

[Event "46th Bosna it"]
[Site "Sarajevo BIH"]
[Date "2016.05.30"]
[Round "4.21"]
[White "Alihodzic, Muzafer"]
[Black "Kantorik, Marian"]
[Result "1/2-1/2"]
[WhiteElo "2094"]
[BlackElo "2285"]
[EventDate "2016.05.28"]
[PlyCount "109"]

1.e4 Nf6 2.Nc3 d5 3.exd5 Nxd5 4.Bc4 c6 5.h3 Bf5 6.d3 e6 7.a3 Be7 8.Nf3 Nd7
9.Ne4 O-O 10.O-O a5 11.Re1 Bg6 12.Qe2 Qc7 13.d4 b5 14.Bd3 Nf4 15.Qe3 Nxd3 
16.cxd3 c5 17.dxc5 Nxc5 18.Nxc5 Bxc5 19.d4 Bb6 20.Bd2 Rfd8 21.Bc3 Qd6 22.
Qd2 Bh5 23.g4 Bg6 24.Re5 Qc6 25.Qe2 Rd5 26.Rxd5 Qxd5 27.Ne5 Rd8 28.Re1 Rc8
29.Nxg6 hxg6 30.Qe5 Rd8 31.Qxd5 Rxd5 32.Re5 Rxe5 33.dxe5 Kf8 34.Kg2 g5 35.
Kg3 Ke7 36.f4 gxf4+ 37.Kxf4 Kd7 38.h4 Ke7 39.h5 Kf8 40.b3 Bd8 41.Ke4 g6 
42.hxg6 fxg6 43.a4 bxa4 44.bxa4 Ke8 45.Kd4 Kd7 46.Kc5 Bc7 47.Kb5 Kc8 48.
Kc6 Kd8 49.Bd4 Kc8 50.g5 Bb8 51.Bb2 Bc7 52.Bc3 Bb8 53.Bxa5 Bxe5 54.Bd2 Kb8
55.Kd7 1/2-1/2

[Event "46th Bosna it"]
[Site "Sarajevo BIH"]
[Date "2016.05.30"]
[Round "4.22"]
[White "Obad, Andrija"]
[Black "Bucevac, Ljubisa"]
[Result "1-0"]
[WhiteElo "2279"]
[BlackElo "2080"]
[EventDate "2016.05.28"]
[PlyCount "57"]

1.e4 Nc6 2.Nf3 d6 3.d4 Nf6 4.Nc3 Bg4 5.Be3 e6 6.h3 Bh5 7.Be2 Be7 8.d5 exd5
9.exd5 Nb8 10.Nd4 Bxe2 11.Qxe2 O-O 12.O-O-O c5 13.dxc6 bxc6 14.Nf5 d5 15.
Bh6 Bb4 16.Bxg7 Bxc3 17.bxc3 Nbd7 18.Bxf8 Qxf8 19.Qe7 Ne4 20.Rdf1 Rb8 21.
Qxf8+ Kxf8 22.f3 Nxc3 23.Kd2 Nxa2 24.Ra1 Rb2 25.Rhb1 Rxb1 26.Rxb1 Nb6 27.
c3 Nc4+ 28.Kd3 f6 29.Ra1 1-0

[Event "46th Bosna it"]
[Site "Sarajevo BIH"]
[Date "2016.05.30"]
[Round "4.24"]
[White "Mrndjic, Muamer"]
[Black "Strinic, Halid"]
[Result "1-0"]
[WhiteElo "2224"]
[BlackElo "2073"]
[EventDate "2016.05.28"]
[PlyCount "73"]

1.d4 Nf6 2.c4 e6 3.Nf3 Bb4+ 4.Bd2 a5 5.g3 b6 6.Bg2 Bb7 7.O-O Bxd2 8.Qxd2 
Ne4 9.Qf4 d6 10.Nfd2 Nxd2 11.Bxb7 Ra7 12.Nxd2 Rxb7 13.Qf3 c6 14.Rfd1 O-O 
15.Rac1 Re8 16.b3 d5 17.e4 Rd7 18.cxd5 exd5 19.e5 f6 20.exf6 Rf8 21.Re1 
Rxf6 22.Qe3 Qf8 23.f4 Rdd6 24.Nf3 Nd7 25.Qd3 h6 26.Ne5 Nb8 27.Re2 Qc8 28.
Rce1 Qf5 29.Qd2 Rf8 30.Rf2 Qh3 31.Qd3 Qf5 32.Qc3 Qh3 33.Re3 c5 34.dxc5 d4 
35.Qc4+ Kh8 36.cxd6 Rc8 37.d7 1-0

[Event "46th Bosna it"]
[Site "Sarajevo BIH"]
[Date "2016.05.30"]
[Round "4.25"]
[White "Sitnic, Adnan"]
[Black "Bandic, Adnan"]
[Result "0-1"]
[WhiteElo "2046"]
[BlackElo "2218"]
[EventDate "2016.05.28"]
[PlyCount "132"]

1.c4 f5 2.d4 Nf6 3.g3 e6 4.Bg2 d5 5.Bg5 Be7 6.Nc3 c6 7.Qb3 Nbd7 8.Nf3 O-O 
9.O-O Qe8 10.cxd5 exd5 11.Nd2 Kh8 12.f3 h6 13.Bf4 Nh5 14.Bc7 Bg5 15.f4 
Qe3+ 16.Kh1 Qxd2 17.Rad1 Qe3 18.Rd3 Qe7 19.fxg5 Qxg5 20.Bd6 Rf7 21.Nxd5 
cxd5 22.Bxd5 Rf6 23.Be7 Nb6 24.Bf7 Bd7 25.d5 Rf8 26.Be6 Re8 27.Bxf6 Nxf6 
28.Rxf5 Qc1+ 29.Rd1 Qc5 30.Qf3 Qe7 31.Bxd7 Nbxd7 32.Rd2 b6 33.d6 Qe6 34.b3
Ne4 35.Rc2 Nxd6 36.Rf4 Nf6 37.Ra4 Qe5 38.Rxa7 Nb5 39.Ra8 Nd4 40.Rxe8+ Qxe8
41.Qd3 Nxc2 42.Qxc2 Qe3 43.Kg2 Kg8 44.Kf1 Kf7 45.Qc6 h5 46.Qc4+ Kg6 47.Qc6
Kg5 48.Qc7 Kg6 49.Qc6 Qd4 50.Qe6 b5 51.Qc6 b4 52.Qa6 Kg5 53.h3 Kh6 54.Kg2 
g5 55.Kf1 Kg6 56.Kg2 Qe4+ 57.Kg1 Qd5 58.Qb6 Qd1+ 59.Kf2 Qh1 60.Qxb4 Qh2+ 
61.Kf3 Qxh3 62.Qd6 h4 63.a4 Qf5+ 64.Ke3 h3 65.a5 h2 66.g4 Qe4+ 0-1

[Event "46th Bosna it"]
[Site "Sarajevo BIH"]
[Date "2016.05.30"]
[Round "4.26"]
[White "Hadzovic, Amir"]
[Black "Kurtcehajlic, Suad"]
[Result "1-0"]
[WhiteElo "2218"]
[BlackElo "2044"]
[EventDate "2016.05.28"]
[PlyCount "73"]

1.Nf3 d5 2.g3 Nf6 3.Bg2 e6 4.d3 c6 5.O-O Qc7 6.Re1 Nbd7 7.e4 dxe4 8.dxe4 
e5 9.Nbd2 Be7 10.b3 O-O 11.Bb2 Re8 12.a3 a5 13.h3 Bc5 14.Qe2 b5 15.c3 Ba6 
16.b4 Ba7 17.Nh4 c5 18.Nf5 c4 19.Rad1 g6 20.Ne3 Bxe3 21.Qxe3 Rac8 22.Bc1 
Bb7 23.Qg5 Kg7 24.Nf1 axb4 25.axb4 Nf8 26.Ne3 Re6 27.Nd5 Qb8 28.Qh6+ Kh8 
29.Nxf6 Rxf6 30.Bg5 Rd6 31.Qh4 Nd7 32.Be7 Rd3 33.Bf1 Rxd1 34.Rxd1 Nf8 35.
Bd6 Qa8 36.Bxe5+ Kg8 37.Qf6 1-0

[Event "46th Bosna it"]
[Site "Sarajevo BIH"]
[Date "2016.05.30"]
[Round "4.27"]
[White "Mesic, Vehid"]
[Black "Hodzic, Nihad"]
[Result "0-1"]
[WhiteElo "2038"]
[BlackElo "2215"]
[EventDate "2016.05.28"]
[PlyCount "68"]

1.e4 c5 2.d4 cxd4 3.c3 g6 4.cxd4 d5 5.e5 Nc6 6.Nc3 Bg7 7.Nf3 Bg4 8.Bb5 Rc8
9.h3 Bxf3 10.Qxf3 e6 11.O-O Nh6 12.Bxc6+ Rxc6 13.Nb5 O-O 14.Nxa7 Rb6 15.
Qd3 Qa8 16.Nb5 Nf5 17.Be3 Qa4 18.Nc3 Qa5 19.Rab1 Rb4 20.g4 Ne7 21.f4 f5 
22.g5 Rc4 23.Rfc1 Rfc8 24.a3 Bf8 25.Kf2 b5 26.Ne2 Qb6 27.b3 Rxc1 28.Rxc1 
Ra8 29.Rc5 Rxa3 30.Rxb5 Qa6 31.Nc1 Nc6 32.Kf3 Ra1 33.Kg3 Rxc1 34.Bxc1 Na7 
0-1

[Event "46th Bosna it"]
[Site "Sarajevo BIH"]
[Date "2016.05.30"]
[Round "4.28"]
[White "Musovic, Armin"]
[Black "Musovic, Sabrija"]
[Result "1-0"]
[WhiteElo "2203"]
[BlackElo "2025"]
[EventDate "2016.05.28"]
[PlyCount "73"]

1.e4 c5 2.c3 d5 3.exd5 Qxd5 4.d4 cxd4 5.cxd4 Nc6 6.Nf3 e5 7.Nc3 Bb4 8.Bd2 
Bxc3 9.Bxc3 e4 10.Ne5 Nxe5 11.dxe5 Ne7 12.Qa4+ Bd7 13.Qa3 Qe6 14.Rd1 O-O 
15.Rd6 Qf5 16.Qb4 Bc6 17.Qd4 e3 18.fxe3 Qb1+ 19.Kf2 Be4 20.Qd1 Qxa2 21.Rd4
Qb1 22.Qxb1 Bxb1 23.Bb5 Bf5 24.Bb4 Ng6 25.Bxf8 Kxf8 26.Rhd1 Nxe5 27.e4 Be6
28.Rd8+ Rxd8 29.Rxd8+ Ke7 30.Rb8 Ng4+ 31.Kg3 Kd6 32.Rxb7 Ke5 33.Bd7 Nf6 
34.Bxe6 Nxe4+ 35.Kf3 Nd6 36.Rxf7 Nxf7 37.Bxf7 1-0

[Event "46th Bosna it"]
[Site "Sarajevo BIH"]
[Date "2016.05.30"]
[Round "4.29"]
[White "Stojkovska, Monika"]
[Black "Tica, Sven"]
[Result "0-1"]
[WhiteElo "2030"]
[BlackElo "2188"]
[EventDate "2016.05.28"]
[PlyCount "65"]

1.d4 Nf6 2.c4 e6 3.Nc3 Bb4 4.e3 O-O 5.Ne2 d5 6.a3 Bd6 7.c5 Be7 8.Ng3 c6 9.
b4 Nbd7 10.Bd3 Re8 11.O-O e5 12.b5 Bf8 13.h4 g6 14.h5 Bg7 15.Be2 e4 16.f4 
exf3 17.Bxf3 Nf8 18.Nce2 Ng4 19.e4 Qh4 20.Bxg4 Bxg4 21.e5 Ne6 22.hxg6 hxg6
23.Be3 Ng5 24.bxc6 bxc6 25.Qc2 Ne6 26.Qc3 Bh6 27.Bxh6 Qxh6 28.Qc1 Qxc1 29.
Raxc1 Rab8 30.Rb1 Rec8 31.Kf2 a5 32.Ke3 Ng7 33.Rfc1 0-1

[Event "46th Bosna it"]
[Site "Sarajevo BIH"]
[Date "2016.05.30"]
[Round "4.30"]
[White "Kvisvik, Brede"]
[Black "Janjic, Nikola"]
[Result "1-0"]
[WhiteElo "2287"]
[BlackElo "1827"]
[EventDate "2016.05.28"]
[PlyCount "55"]

1.d4 d5 2.c4 e6 3.Nf3 Nf6 4.g3 c6 5.Bg2 Bb4+ 6.Nbd2 Ne4 7.O-O Nxd2 8.Nxd2 
O-O 9.Qc2 Nd7 10.a3 Bxd2 11.Bxd2 dxc4 12.Qxc4 e5 13.dxe5 Nxe5 14.Qc2 Re8 
15.Rad1 Ng4 16.h3 Nf6 17.e4 Qb6 18.Be3 Qc7 19.Bd4 Nd7 20.Qc3 f6 21.f4 c5 
22.e5 fxe5 23.fxe5 Qb6 24.Qc4+ Kh8 25.Bc3 Qe6 26.Qf4 h6 27.Rd6 Qe7 28.
Rxh6+ 1-0

[Event "46th Bosna it"]
[Site "Sarajevo BIH"]
[Date "2016.05.30"]
[Round "4.31"]
[White "Vea, Odin Blikra"]
[Black "Tuna, Alp"]
[Result "1-0"]
[WhiteElo "2288"]
[BlackElo "2034"]
[EventDate "2016.05.28"]
[PlyCount "99"]

1.e4 c6 2.Nf3 d5 3.exd5 cxd5 4.Ne5 Nc6 5.Bb5 Bd7 6.Nxd7 Qxd7 7.d4 a6 8.Be2
e6 9.O-O Nf6 10.c3 Bd6 11.Nd2 O-O 12.f4 Qc7 13.g3 b5 14.Bd3 b4 15.Nf3 bxc3
16.bxc3 Na5 17.Qe2 Ne4 18.Bxe4 dxe4 19.Qxe4 Qxc3 20.Bd2 Qc6 21.Ng5 Qxe4 
22.Nxe4 Nc4 23.f5 Rfe8 24.Nxd6 Nxd6 25.fxe6 Rxe6 26.Bf4 Rd8 27.d5 Re2 28.
Rfe1 Rxe1+ 29.Rxe1 Kf8 30.Kf2 Nb5 31.a4 Nc3 32.d6 Rd7 33.Kf3 Nxa4 34.Rc1 
g5 35.Rc8+ Kg7 36.Be5+ Kg6 37.g4 f6 38.Bg3 Kf7 39.Ke4 Ke6 40.Re8+ Kf7 41.
Rc8 Ke6 42.Kd4 Nb6 43.Re8+ Kf7 44.Rb8 Na4 45.Rb4 Ke6 46.Rxa4 Rb7 47.Rxa6 
Rb4+ 48.Kc5 Rxg4 49.Ra7 Rxg3 50.hxg3 1-0

[Event "46th Bosna it"]
[Site "Sarajevo BIH"]
[Date "2016.05.30"]
[Round "4.32"]
[White "Injac, Teodora"]
[Black "Bryn, Askild"]
[Result "0-1"]
[WhiteElo "2185"]
[BlackElo "1993"]
[EventDate "2016.05.28"]
[PlyCount "72"]

1.d4 d6 2.Nf3 Nd7 3.c4 e5 4.Nc3 g6 5.e4 Bg7 6.Bg5 f6 7.Be3 Ne7 8.dxe5 dxe5
9.c5 O-O 10.Bc4+ Kh8 11.h4 h6 12.Qd2 Kh7 13.O-O-O Nc6 14.g4 Nd4 15.Nxd4 
exd4 16.Qxd4 f5 17.Qd2 fxg4 18.Be6 Qe7 19.Bxg4 Ne5 20.Bxc8 Raxc8 21.Qe2 
Qe6 22.f4 Ng4 23.e5 b5 24.b3 b4 25.Ne4 Rcd8 26.Nf2 Nxe5 27.fxe5 Qxe5 28.
Rd3 Rxf2 29.Bxf2 Qxe2 30.Rxd8 Qb2+ 31.Kd1 Qb1+ 32.Ke2 Qxh1 33.Rd7 Qc6 34.
Re7 Kg8 35.Kd3 Bf8 36.Re2 Qf3+ 0-1

[Event "46th Bosna it"]
[Site "Sarajevo BIH"]
[Date "2016.05.30"]
[Round "4.33"]
[White "Bucan, Eldin"]
[Black "Vujicic, Dragisa"]
[Result "1-0"]
[WhiteElo "2179"]
[BlackElo "1896"]
[EventDate "2016.05.28"]
[PlyCount "61"]

1.e4 e5 2.Nf3 Nc6 3.Bc4 Nf6 4.d4 exd4 5.O-O d6 6.Nxd4 Nxd4 7.Qxd4 Be7 8.
Nc3 O-O 9.Bg5 Be6 10.Bxe6 fxe6 11.Qc4 Qd7 12.Rad1 Nh5 13.Be3 c6 14.f4 Kh8 
15.e5 d5 16.g4 Qe8 17.Qe2 d4 18.Rxd4 Bc5 19.gxh5 Bxd4 20.Bxd4 Rf5 21.Ne4 
Rxh5 22.Nd6 Qg6+ 23.Kh1 Rf8 24.Bxa7 Rh4 25.f5 Qh6 26.Rd1 Qf4 27.Bg1 Kg8 
28.Rd4 Qg5 29.Qc4 Qh5 30.Qxe6+ Kh8 31.Rd3 1-0

[Event "46th Bosna it"]
[Site "Sarajevo BIH"]
[Date "2016.05.30"]
[Round "4.34"]
[White "Oputic, Mirsad"]
[Black "Terzic, Ilijas"]
[Result "1/2-1/2"]
[WhiteElo "1894"]
[BlackElo "2165"]
[EventDate "2016.05.28"]
[PlyCount "48"]

1.e4 e5 2.c4 Nc6 3.Nc3 Bc5 4.d3 d6 5.Be2 f5 6.Na4 Bb4+ 7.Bd2 Bxd2+ 8.Qxd2 
Nf6 9.Nc3 O-O 10.Nf3 Nd4 11.h3 c6 12.Ng5 h6 13.Nf3 a6 14.exf5 Bxf5 15.g4 
Bh7 16.Rg1 Nd7 17.Nxd4 exd4 18.Ne4 d5 19.cxd5 cxd5 20.Ng3 Qe7 21.f4 Rac8 
22.Kf2 Qe3+ 23.Qxe3 dxe3+ 24.Kxe3 Nc5 1/2-1/2

[Event "46th Bosna it"]
[Site "Sarajevo BIH"]
[Date "2016.05.30"]
[Round "4.35"]
[White "Schettler, Juergen"]
[Black "Hadziselimovic, Bernardina"]
[Result "0-1"]
[WhiteElo "2139"]
[BlackElo "1948"]
[EventDate "2016.05.28"]
[PlyCount "80"]

1.Nf3 c5 2.c4 Nc6 3.Nc3 g6 4.g3 Bg7 5.Bg2 Nf6 6.d4 cxd4 7.Nxd4 O-O 8.Nc2 
d6 9.O-O Be6 10.b3 Qc8 11.Re1 Nd7 12.Bb2 a5 13.Rb1 f5 14.Nd5 Bxb2 15.Rxb2 
Qd8 16.Nd4 Bf7 17.Nxc6 bxc6 18.Nc3 Rc8 19.e4 Ne5 20.Qd4 Rb8 21.f4 c5 22.
Qd1 Nxc4 23.Rbe2 Nb6 24.exf5 gxf5 25.Rxe7 d5 26.R7e5 d4 27.Na4 Nxa4 28.
bxa4 Bxa2 29.Qe2 Bb3 30.Rxc5 d3 31.Qe5 d2 32.Rd1 Re8 33.Qxf5 Re1+ 34.Bf1 
Bxd1 35.Kg2 Bf3+ 36.Kh3 Re4 37.Bc4+ Kh8 38.Rd5 Qc8 39.Rd7 Qxd7 40.Qxd7 
d1=Q 0-1

[Event "46th Bosna it"]
[Site "Sarajevo BIH"]
[Date "2016.05.30"]
[Round "4.36"]
[White "Lakovic, Igor"]
[Black "Draganovic, Sulejman"]
[Result "1-0"]
[WhiteElo "1944"]
[BlackElo "2082"]
[EventDate "2016.05.28"]
[PlyCount "141"]

1.d4 d5 2.c4 e6 3.Nc3 Nf6 4.Bg5 Nbd7 5.e3 Be7 6.Nf3 O-O 7.Rc1 c6 8.Qc2 h6 
9.Bh4 dxc4 10.Bxc4 Nd5 11.Bxe7 Qxe7 12.O-O N5f6 13.a3 b6 14.Qe2 Bb7 15.Ba6
Rab8 16.Rfd1 c5 17.Bxb7 Rxb7 18.dxc5 Nxc5 19.b4 Ncd7 20.Nd4 Nb8 21.Qf3 Rd7
22.Ndb5 a6 23.Rxd7 Nbxd7 24.Nd4 a5 25.Nc6 Qd6 26.Rd1 Nd5 27.Nxd5 exd5 28.
Qxd5 Qxd5 29.Rxd5 Nf6 30.Rb5 axb4 31.axb4 Nd7 32.Rd5 Ra8 33.g3 Nf6 34.Rd4 
Kf8 35.Kg2 b5 36.h3 Ke8 37.e4 Rc8 38.Na5 Rd8 39.Rxd8+ Kxd8 40.Nb7+ Kc7 41.
Nc5 Kd6 42.Kf3 Ne8 43.Ke3 Nc7 44.f4 f6 45.Kd4 Kc6 46.g4 Kd6 47.e5+ fxe5+ 
48.fxe5+ Kc6 49.Ke4 Nd5 50.Nd3 Ne7 51.Nf4 g5 52.Ne2 Kd7 53.Nd4 Kd8 54.Nxb5
Nc6 55.Nd6 Nxb4 56.Nf7+ Ke7 57.Nxh6 Ke6 58.Nf5 Kf7 59.h4 gxh4 60.Nxh4 Ke6 
61.Nf5 Na6 62.Nd4+ Kf7 63.Kf5 Nc7 64.g5 Ne8 65.g6+ Ke7 66.Kg5 Kf8 67.Nf5 
Nc7 68.Kh6 Ne6 69.g7+ Kf7 70.Kh7 Nxg7 71.Nxg7 1-0